000 00349nam a2200145Ia 4500
008 191201s2009 xx 000 0 und d
082 _a629.2
_bSIA
100 _aSINGH, Kirpal
245 0 _aAutomobile Engineering Vol-2
250 _a2nd
260 _aN.Delhi
_bStandard Publisher
_c2009
300 _a760
650 _aB.Tech(ME)
942 _2ddc
_cBK
999 _c1548
_d1548